Z prejavu Michaila Gorbačova

Bibliographic Details
Main Author: Gorbačov, Michail Sergejevič, 1931-2022 (Author)
Format: Article
Language:Slovak
Subjects:

MARC

LEADER 00000nab a2200000 a 4500
001 vtls000387014
003 SK-MaSNL
005 20260302223147.0
008 111202c1990 xo 0 slo
015 |a SNBRB19rr/mm-uuuuu 
035 |a CL0387137 
040 |a SNKBUCL  |b slo  |c SNKBUCL  |e AACR2 
041 0 |a slo 
044 |a xo  |c SK 
080 |a 329.15(47):061.3  |2 1981 
080 |a 061.3  |2 1981 
100 1 |a Gorbačov, Michail Sergejevič,  |d 1931-2022  |4 aut  |9 115043 
245 1 0 |a Z prejavu Michaila Gorbačova  |c Michail Gorbačov 
650 0 7 |a KSSZ  |2 snkbucl  |9 921638 
655 7 |a články z novín a časopisov  |2 snkbucl  |9 267496 
773 0 |t Národná obroda  |g Roč. 1, č. 43 (3. 7. 1990), s. 7 
850 |a Slovenská národná knižnica v Martine  |a MTA001 
852 |a SNK  |b KIS3GCP 
958 |a RK 
958 |a SU 
992 |a RBX 
999 |c 1519439  |d 1521369